000
00325 a2200157 4500
001
59830
020
_a
9788853003409
040
_c
Anchieta - Pituba
100
_a
Martini, Maddalena
240
1
0
_a
Generation E
_l
por
245
1
0
_a
Generation E
300
_a
55
362
0
_a
2005
650
4
_a
Língua alemã
942
_c
BK
999
_c
59830
_d
59830